000 01947nam a2200457 c 4500
003 BLK
005 20230810124517.0
008 180408b bul|||||r ||||||| ||bul||
010 _aKNG00079925000
020 _a978-954-321-388-7
_bиздат.: Изток-Запад
040 _aBLK
041 _aBUL
_cBUL
080 _aКорупция
_b328.185
_x(100)
_z328.185(100)
080 _aКорпорации
_b334.784
_x(73)
_z334.784(73)
080 _aМеждународни икономически отношения. Външностопанска политика. Световно стопанство
_b339.9
_x
_z339.9
100 1 _aПъркинс, Джон
_eпърви автор
_9278899
700 1 _aАнтонов, Юлиян
_eпрев. от англ.
_9370786
139 _aПъркинс, Джон
_bП 97
245 1 0 _aТайната история на американската империя
_bИстината за глобалната корупция
_cДжон Пъркинс; прев. от англ. Юлиян Антонов.
257 _aUSA
260 София
_bИзток-Запад
_c2007
300 _a360 с.
_c22 см
380 _a3
500 _aОриг. загл. The Secret Histoty of the American empire / John Perkins. - Азб. показалец
650 4 _aКорупция
_9159504
650 4 _aКорпорации
_9159491
650 4 _aСтопански престъпления
_9271114
650 4 _aСветовно стопанство
_9251664
651 4 _aСАЩ
_9179493
653 _aкорупция
653 _aкорпорации
653 _aстопански престъпления
653 _aсветовно стопанство
653 _aСАЩ
852 _aЦб 237394
856 4 _qpdf
_u
856 4 _qpdf
_u
942 _cKNG
_n0
_06
944 _aCR
_c05.12.2007
_k30564
_lГалина Якимова
944 _aED
_c20.08.2009
_k
999 _c75508
_d75508